| 000 | 00839nas a2200265 4500 | ||
|---|---|---|---|
| 001 | BR0905601 | ||
| 003 | BR-BrBNA | ||
| 005 | 20231205113720.0 | ||
| 007 | ta | ||
| 008 | 230509b bl.|||p| |||| 00| 00por d | ||
| 040 |
_aBR-BrBNA _bpor _cBiblioteca Nacional de Agricultura |
||
| 041 | _a(Pt) | ||
| 072 | _aF50 | ||
| 100 | 1 | _aBomfim, A.A. | |
| 100 | 1 | _aNovaes, A.B. de | |
| 100 | 1 | _aSão José, A.R. | |
| 245 | 1 | _aAvaliação morfológica de mudas de madeira-nova (Pterogyne nitens Tull.)produzidas em tubetes e sacos plásticos e de seu desempenho no campo | |
| 650 | _aESPÉCIE NATIVA | ||
| 650 | _aMUDA | ||
| 650 | _aESTRUTURA VEGETAL | ||
| 650 | _aMADEIRA | ||
| 773 | 0 |
_tFloresta (Brazil) _xISSN 0015-3826 _g(Jan-Mar 2009), v. 39(1) p. 33-40 _wBR0905601 |
|
| 909 |
_a202311 _bLúcia _c55 _dLúcia Elande |
||
| 942 |
_2AGRIS _n0 _cANA |
||
| 999 |
_c205206 _d205206 |
||